000 01512na a2200409 4500
001 20218
003 MIRAKIL
005 20181213155128.0
008 170120b tu 000 0
035 _a20218
040 _aMilas
_btur
_cTR-AnCHP
041 _atur
082 _aCHP 324.2372026
_bC36ü 1999
090 _aCHP 324.2372026 C36ü 1999
110 _aCumhuriyet Halk Partisi (CHP)
222 _aÜye kayıt yenileme
245 _aCHP ilçe kayıt yenileme broşürü
_cCHP
246 _aCHP 1999 ilçe kayıt yenileme broşürü
260 _aAnkara
_bCHP
_c1999
300 _aktl. broşür
_c21 sm.
440 _aCumhuriyet Halk Partisi yayınları
_pBroşürler
490 _aÜye Kayıt Yenileme (ÜKY)
_v3
500 _aDış kapak yapıt adı: Türkiye'ye sahip çık kaydını yenile. İlçe kayıt yenileme broşürü
500 _aKütüphaneciden çevrimdışı versiyonu sağlanabilir
610 _aCumhuriyet Halk Partisi (CHP)
_xGenelgeler, 1999
_yParti üyeliği
_yÜyelik yenileme
610 _aCumhuriyet Halk Partisi (CHP)
_xYönetmelikler, 1999
_yParti üyeliği
_yÜyelik yenileme
657 _aCHP 1999 genelgesi
657 _aCHP genelgeleri
657 _aCHP yönetmelikleri
657 _aCHP 1999 yönetmeliği
740 _aİlçe kayıt yenileme broşürü
740 _aCHP 1999 ilçe kayıt yenileme broşürü
740 _aTürkiye'ye sahip çık kaydını yenile.
830 _aCHP yönetmelikleri
942 _2dcc
_cBKS
999 _c7126
_d7126